Statistics for guess the space objects

Click here to take the quiz!

General Stats

  • This quiz has been taken 45 times
  • The average score is 5 of 22

Answer Stats

Answer% Correct
moon
100%
black hole
97%
europa
46%
io
46%
neutron star
43%
deimos
35%
phobos
32%
orion nebula
19%
ring nebula
16%
eagle nebula
11%
triton
11%
white hole
11%
messier 87 black hole
5%
bennu
3%
bubble nebula
3%
egg nebula
3%
hubble nebula
3%
IC 1101 galaxy
3%
caldwell 68 nebula
0%
CW Tauri nebula
0%
IC 426 nebula
0%
NGC 7000
0%

Score Distribution

Percentile by Number Answered

Percent of People with Each Score

Your Score History

You have not taken this quiz